Franklin's soapbox derby / [story written by Sharon Jennings ; illustrated by Sean Jeffrey, Sasha McIntyre and Jelena Sisic ; edited by Yvette Ghione].
Record details
- ISBN: 1553378180 (bound)
- ISBN: 1553378199 (pbk.)
- Physical Description: 32 pages : color illustrations ; 24 cm.
- Publisher: Toronto : Kids Can Press, c2006.
Content descriptions
| General Note: | The character Franklin was created by Paulette Bourgeois and Brenda Clark. "Based on the TV episode Franklin's go-cart race, written by Brian Lasenby" --Prelim. |
Search for related items by subject
| Subject: | Franklin (Fictitious character : Bourgeois). Soap box derbies > Juvenile fiction. |
Search for related items by series
Available copies
- 1 of 1 copy available at scottsboropl.
Holds
- 0 current holds with 1 total copy.
Show Only Available Copies
| Location | Call Number / Copy Notes | Barcode | Shelving Location | Status | Due Date |
|---|---|---|---|---|---|
| scottsboropl | BR Bou | 32269000779812 | Juvenile - Beginning Reader | Available | - |
| LDR | 01442pam a2200373 a 4500 | ||
|---|---|---|---|
| 001 | 129425 | ||
| 003 | CONS | ||
| 005 | 20140703073305.0 | ||
| 008 | 050303s2006 onca j 000 f eng | ||
| 020 | . | ‡a1553378180 (bound) | |
| 020 | . | ‡a1553378199 (pbk.) | |
| 024 | 8 | . | ‡z9781553378181 |
| 024 | 8 | . | ‡z9781553378198 |
| 035 | . | ‡a(CPomAG)LMN498997 | |
| 082 | 0 | . | ‡ajC813/.54 ‡222 |
| 100 | 1 | . | ‡aBourgeois, Paulette. |
| 245 | 1 | 0. | ‡aFranklin's soapbox derby / ‡c[story written by Sharon Jennings ; illustrated by Sean Jeffrey, Sasha McIntyre and Jelena Sisic ; edited by Yvette Ghione]. |
| 260 | . | ‡aToronto : ‡bKids Can Press, ‡cc2006. | |
| 300 | . | ‡a32 pages : ‡bcolor illustrations ; ‡c24 cm. | |
| 440 | 0. | ‡aKids Can read with help, ‡nlevel 2 | |
| 440 | 0. | ‡aKids Can read (Toronto, Ont.) | |
| 500 | . | ‡aThe character Franklin was created by Paulette Bourgeois and Brenda Clark. | |
| 500 | . | ‡a"Based on the TV episode Franklin's go-cart race, written by Brian Lasenby" --Prelim. | |
| 650 | 0. | ‡aFranklin (Fictitious character : Bourgeois). | |
| 650 | 0. | ‡aSoap box derbies ‡vJuvenile fiction. | |
| 700 | 1 | . | ‡aJennings, Sharon. |
| 700 | 1 | . | ‡aClark, Brenda. |
| 700 | 1 | . | ‡aJeffrey, Sean. |
| 700 | 1 | . | ‡aSisic, Jelena. |
| 700 | 1 | . | ‡aMcIntyre, Sasha. |
| 700 | 1 | . | ‡aGhione, Yvette. |
| 914 | . | ‡aScp_ds ‡dLMN_cm | |
| 959 | . | ‡i32269000779812 ‡lBR Bou ‡aJuvenile - Easy ‡tBeginning Reader ‡g18.00 | |
| 852 | . | ‡p32269000779812 ‡jBR Bou ‡gJuvenile - Easy ‡cBeginning Reader ‡y18.00 ‡bSBPL | |
| 901 | . | ‡a129425 ‡bUnknown ‡c129425 ‡tbiblio | |